| 000 | 00879nam a2200229Ii 4500 | ||
|---|---|---|---|
| 003 | JO-AjNU | ||
| 008 | 230605s9999||||xx |||||||||||||| ||und|| | ||
| 017 | _a1999/4/569 | ||
| 020 | _a9957-07-061-4 | ||
| 040 |
_aJO-AjNU _bara _erda _cJO-AjNU |
||
| 041 | _aara | ||
| 050 | 1 | 4 | _aBP192.2.A27 1999 |
| 100 | 3 |
_aالموصلي، مجد الدين عبد الله بن محمود ؛ ضبط واخراج عبد الكريم بن رسمي آل الدريني, _eauthor _942145 |
|
| 245 | 0 | 0 | _aالإختيار لتعليل المختار، ج3 |
| 250 | _aط1 | ||
| 264 | 3 | 1 | _aعمان: دار الفكر للطباعة والنشر والتوزيع، 1999 |
| 300 |
_aج3، 345ص _bالفهارس العامة ص211-344 |
||
| 336 |
_atext _btxt _2rdacontent |
||
| 337 |
_aunmediated _bn _2rdamedia |
||
| 338 |
_avolume _bnc _2rdacarrier |
||
| 650 | 4 |
_aالفقه الحنفي _942146 |
|
| 999 |
_aA18024 _c21592 _d21592 |
||